000 00588nam a22001817a 4500
005 20251108164929.0
008 250721s2000 xx 000 0 ara d
082 1 4 _a216.91/عبد
100 1 _aعبد الله، محمد حسين
245 1 0 _aالطريقة الشرعية لإستئناف الحياة الإسلامية /
264 1 _aبيروت :
_bدار النهضة الإسلامية،
_c2000.
300 _a124ص
650 1 7 _aالفقه الإسلامي
650 1 7 _aالأحكام السلطانية
650 1 7 _aالخلافة
942 _2ddc
_cBK
999 _c17711
_d17711